Niko Kovac' Wolfsburg - Statistics

General Stats
  • This quiz has been taken 6 times
  • The average score is 19 of 39
Answer Stats
Rank Player Position Nationality Matches Goals Assists % Correct
15 Lovro Majer Attacking Midfield 28 4 5
100%
8 Jakub Kaminski Left Winger 48 5 3
75%
17 Joakim Maehle Left-Back 27 2 4
75%
5 Jonas Wind Centre-Forward 55 16 8
75%
28 Kilian Fischer Right-Back 11 0 1
75%
2 Koen Casteels Goalkeeper 59 0 1
75%
7 Maxence Lacroix Centre-Back 51 3 1
75%
3 Maximilian Arnold Central Midfield 59 6 3
75%
12 Micky van de Ven Centre-Back 36 1 2
75%
13 Omar Marmoush Centre-Forward 36 6 1
75%
11 Patrick Wimmer Right Winger 39 5 8
75%
6 Yannick Gerhardt Central Midfield 53 9 5
75%
21 Aster Vranckx Central Midfield 22 0 0
50%
36 Dzenan Pejcinovic Centre-Forward 4 0 0
50%
14 Felix Nmecha Central Midfield 32 3 6
50%
31 Josip Brekalo Left Winger 7 0 2
50%
18 Josuha Guilavogui Defensive Midfield 26 1 0
50%
20 Lukas Nmecha Centre-Forward 22 6 2
50%
4 Mattias Svanberg Central Midfield 59 6 10
50%
37 Maximilian Philipp Second Striker 3 0 0
50%
30 Pavao Pervan Goalkeeper 7 0 0
50%
1 Ridle Baku Right-Back 64 6 2
50%
26 Rogério Left-Back 15 1 0
50%
10 Sebastiaan Bornauw Centre-Back 42 1 1
50%
19 Tiago Tomás Centre-Forward 23 3 3
50%
29 Amin Sarr Centre-Forward 10 0 0
25%
33 Bartol Franjic Defensive Midfield 6 0 1
25%
25 Cédric Zesiger Centre-Back 19 0 0
25%
35 Jérôme Roussillon Left-Back 4 0 0
25%
32 Kevin Behrens Centre-Forward 6 1 1
25%
9 Kevin Paredes Left Midfield 47 3 3
25%
23 Luca Waldschmidt Centre-Forward 20 5 0
25%
39 Lukas Ambros Attacking Midfield 1 0 0
25%
34 Max Kruse Second Striker 5 0 0
25%
24 Moritz Jenz Centre-Back 19 0 1
25%
16 Paulo Otávio Left-Back 27 0 5
25%
22 Vaclav Cerny Right Winger 21 4 1
25%
38 Kofi Amoako Defensive Midfield 2 0 0
0%
27 Nicolas Cozza Left-Back 13 0 0
0%
No matching quizzes found
Score Distribution
Percent of People with Each Score
Percentile by Number Answered
Your Score History
You have not taken this quiz